| 000 | 00348nam a2200145Ia 4500 | ||
|---|---|---|---|
| 008 | 191201s1989 xx 000 0 und d | ||
| 082 |
_a745.4 _bGOD |
||
| 100 | _aGOLD, Charles | ||
| 245 | 0 | _aDecorating with Giftwraps | |
| 250 | _a1st | ||
| 260 |
_aN.Delhi _bCarol Endler Sterbenz _c1989 |
||
| 300 | _a96 | ||
| 650 | _aB.Tech(TE) | ||
| 942 |
_2ddc _cBK |
||
| 999 |
_c2588 _d2588 |
||